00594 a2200145 4500003000500000005001700005040000900022082001800031100001800049245005300067260002900120300000900149505025600158650003400414Nust20221021125033.0 cNust a620.11296,GOL aGoldsmid .H.J aThe Thermal Properties of Solids /cH.J Goldsmid aLondonbRouteledgec1965 a72:p aThermal Properties and Their Measurement (Page-1), Insulator, Metals and Semiconductors (Page-19), Properties of the Crystal Lattics (Page-30), The Specific Heat and Thermal Conductivity of Metals (Page-47), Thermal Effects in Semiconductors (Page-54) a Thermal Properties of Solids